Miesto produkcie domácností pri uspokojovaní potrieb slovenských rodín diplomová práca
Guardado en:
| Autor principal: | |
|---|---|
| Autor Corporativo: | |
| Otros Autores: | |
| Formato: | Libro |
| Lenguaje: | eslovaco |
| Publicado: |
Bratislava
2014
|
| Etiquetas: |
Sin Etiquetas, Sea el primero en etiquetar este registro!
|
MARC
| LEADER | 00000nbm a2200000 4500 | ||
|---|---|---|---|
| 001 | 0186289 | ||
| 005 | 20170201100120.5 | ||
| 041 | 0 | |a slo | |
| 044 | |a SK | ||
| 245 | 1 | 0 | |a Miesto produkcie domácností pri uspokojovaní potrieb slovenských rodín |b diplomová práca |c Michaela Tumidalská ; školiteľ: Kornélia Richterová |
| 264 | 1 | |a Bratislava |c 2014 | |
| 300 | |a 78 s. | ||
| 100 | 1 | |a Tumidalská, Michaela | |
| 700 | 1 | |a Richterová, Kornélia | |
| 710 | 2 | |a Obchodná fakulta EU. Katedra marketingu | |